000
00246nmm a2200085Ia 4500
008
220120s9999||||xx |||||||||||||||||und||
100
_a
Meier, Michael, L
245
0
_a
introduction to meterial science for engineers
260
_a
Tata mcgraw hill
_c
2010
999
_c
139540
_d
139540